Detalles MARC
| 000 -LIDER |
| fixed length control field |
02184nam a2200301 a 4500 |
| 003 - IDENTIFICACDOR DE NÚMERO DE CONTROL |
| control field |
DO-SdBNP |
| 005 - DATE AND TIME OF LATEST TRANSACTION |
| control field |
20250806125120.0 |
| 008 - ELEMENTOS DE LONGITUD FIJA |
| fixed length control field |
150714s2011 mx ab 000 0 spa d |
| 020 ## - ISBN |
| International Standard Book Number |
9789945074291 |
| 040 ## - FUENTE DE CATALOGACIÓN |
| Agencia que crea de manera original el registro |
DO-SdBNP |
| Idioma de catalogación |
spa |
| Agencia que realiza la transcripción |
BPMSU |
| 082 ## - NÚMERO DE CLASIFICACIÓN DECIMAL DE DEWEY |
| Classification number |
305.5633 |
| Item number |
S194g 2011 |
| Edition number |
22 |
| 100 1# - ASIENTO PRINCIPAL -- NOMBRE PERSONAL |
| Nombre personal |
San Miguel, Pedro L. |
| 245 13 - MENCIÓN DE TITULO |
| Título |
La guerra silenciosa : |
| Subtítulo |
las luchas sociales en la ruralía dominicana / |
| Mención de responsabilidad |
Pedro L. San Miguel. |
| 260 ## - PUBLICACIÓN, DISTRIBUCIÓN, ETC. (PIE DE IMPRENTA) |
| Lugar de publicación, distribución, etc |
Santo Domingo : |
| Nombre del editor, distribuidor, etc. |
Archivo General de la Nación, |
| Fecha de publicación, distribución, etc |
2011 |
| 300 ## - DESCRIPCIÓN FÍSICA |
| Extensión |
307 p. ; |
| Dimensiones |
23 cm. |
| 490 0# - MENCIÓN DE SERIES |
| Mención de serie |
Archivo General de la Nación, |
| Volume/sequential designation |
135 |
| 500 ## - NOTA GENERAL |
| Nota general |
Incluye referencias bibliográficas y notas al pie de las páginas. |
| 500 ## - NOTA GENERAL |
| Nota general |
Incluye índice |
| 504 ## - NOTA DE BIBLIOGRAFÍA, ETC. |
| Bibliography, etc |
Bibliografía : p. 265-289 |
| 505 0# - NOTA DE CONTENIDO |
| Texto normalizado de contenido |
Introdución : Para narrar la historia de la "clase incómoda" -- |
| Título |
¿Una historia sin campesinos? -- |
| -- |
Sobre el "otro interno" -- |
| -- |
Un campesinado levantisco -- |
| -- |
Caudillos y campesinos -- |
| -- |
Una "clase incómoda" -- |
| -- |
Historias de gringos, caudillos y guerrillas -- |
| -- |
Milenarismo y utopía campesina -- |
| -- |
La memoria de la ira : la guerra gavillera -- |
| -- |
La domesticación de la "bestia calibanesca" -- |
| -- |
La ofensiva del mercado -- |
| -- |
La ofensiva estatal -- |
| -- |
Sobre esa larga tiranía que se menciona en el proemio -- |
| -- |
Un poder que castiga y que hace milagros -- |
| -- |
Un poder que castiga y que hace milagros -- |
| -- |
Dictadura y luchas informales -- |
| -- |
Crónica de una "reforma agraria al revés" -- |
| -- |
Reforma a "cuentagotas" -- |
| -- |
La "reforma agraria al revés" -- |
| -- |
Crónica de unas leyes anunciadas -- |
| -- |
La primavera del descontento -- |
| -- |
Los campesinos y el "gran diseño" -- |
| -- |
Esta es una lucha larga" -- |
| -- |
El derecho a la subsistencia" -- |
| -- |
Cabildos abiertos" rurales -- |
| -- |
No queremos más cuentos" -- |
| -- |
¿Reforma la reforma? -- |
| -- |
Campesinos y procesos políticos o la paradoja de la democracia dominicana -- |
| 590 ## - NOTA LOCAL |
| Enlace |
Inventariado, 2022/VM |
| 650 #4 - ENCABEZAMIENTO DE MATERIA--TEMÁTICO |
| Término temático o nombre geográfico como elemento de entrada |
Movimientos sociales |
| Subdivisión geográfica |
República Dominicana |
| 650 #4 - ENCABEZAMIENTO DE MATERIA--TEMÁTICO |
| Término temático o nombre geográfico como elemento de entrada |
Movimientos campesinos |
| Subdivisión geográfica |
República Dominicana |
| Subdivisión cronológica |
Siglo XIX |
| 650 #4 - ENCABEZAMIENTO DE MATERIA--TEMÁTICO |
| Término temático o nombre geográfico como elemento de entrada |
Política agraria |
| Subdivisión geográfica |
República Dominicana |
| Subdivisión temática general |
Historia |
| 710 2# - ASIENTO SECUNDARIO -- NOMBRE CORPORATIVO |
| Nombre corporativo o de jurisdicción |
Archivo General de la Nación (República Dominicana) |
| 910 ## - VALIDACIÓN |
| Validación |
VMateo V. |
| 942 ## - ADDED ENTRY ELEMENTS (KOHA) |
| Source of classification or shelving scheme |
Dewey Decimal Classification |
| Koha item type |
Libros |